Consulta sobre quien tomará el oficio de visitador provincial de una Orden en caso de muerte

Detalles Bibliográficos
Otros Autores: Dos Gaspar Martínez de Trillanes
Formato: Libro
Publicado: Madrid, 1661
Materias:
Colección:Banco de datos
Acervo:Biblioteca Palafoxiana. Colección de Manuscritos
Descripción Física:2 f. ; 22 x 32 cm.
Tema general:Eclesiástica
LEADER 00450nam a22001450004500
035 |a 2662 
245 1 0 |a Consulta sobre quien tomará el oficio de visitador provincial de una Orden en caso de muerte 
260 |a Madrid, 1661 
300 |a 2 f. ; 22 x 32 cm. 
650 1 0 |a Eclesiástica 
700 1 |a Dos Gaspar Martínez de Trillanes 
949 |a R450/007 
942 |c PALAMANU 
943 |g Biblioteca Palafoxiana. Colección de Manuscritos 
999 |c 1070607  |d 1070607